Geometry Dash Demonlist - the future - Statistics

General Stats
  • This quiz has been taken 53 times
  • The average score is 28 of 150
Answer Stats
Hint Answer % Correct
42 Tidal Wave
81%
14 Grief
72%
57 Silent Clubstep
67%
18 Thinking Space II
64%
23 Amethyst
61%
19 Flamewall
61%
9 HELIOPOLIS
61%
60 Avernus
58%
63 Acheron
56%
73 KOCMOC
53%
43 Nullscapes
53%
87 LIMBO
50%
59 Anathema
47%
27 BOOBAWAMBA
47%
17 Orbit
47%
56 andromeda
42%
51 Every End
42%
12 Kocmoc Unleashed
42%
13 Vehemence
42%
77 Sakupen Circles
39%
74 Slaughterhouse
39%
67 Abyss of Darkness
36%
82 Firework
36%
116 Tartarus
36%
146 Zodiac
36%
83 Saul Goodman
33%
2 Silent Acropolis
33%
125 The Golden
33%
71 Deimos
31%
62 Spectre
31%
68 Tunnel of Despair
31%
97 walter white
31%
137 Kenos
28%
114 Sonic Wave Infinity
28%
102 Arcturus
25%
92 Codependence
25%
66 Defeated Circles
25%
10 Exasperation
25%
129 limbo but uwu ig idk
25%
61 Menace
25%
4 Misanthrope
25%
80 Poocubed
25%
111 BEELINE
22%
75 KOSETSU
22%
70 The Lightning Rod
22%
104 The Yangire
22%
52 WATER
22%
16 Banshee
19%
76 Eyes In The Water
19%
21 INJURY
19%
94 Mayhem
19%
35 | 120 Natural Disaster
19%
85 Solar Flare
19%
69 Subterminal Point
19%
41 Sweeping Demon II
19%
90 The Hallucination
19%
136 Trueffet
19%
112 Waterfall
19%
3 Ascension to Heaven
17%
81 CONVULSION
17%
109 Jigsaw
17%
84 MINUSdry
17%
124 NETWORK
17%
123 Oblivion
17%
103 SARYYX NEVER CLEAR
17%
93 Belladonna
14%
89 COMBUSTION
14%
140 Destruction 19
14%
145 Neutra
14%
147 Swing Swing
14%
127 UNKNOWN
14%
126 Verdant Landscape
14%
139 VOID
14%
134 Aerial Gleam
11%
86 Apocalyptic Trilogy
11%
128 ATOMIC CANNON Mk III
11%
142 Axinie
11%
110 BPATA MPAKA
11%
131 Checked Steam
11%
113 Coalescence
11%
149 Crackhead Circles
11%
130 Critical Heat
11%
115 Crystal Crusher
11%
95 Damascus
11%
64 Dark Dimension
11%
118 Delta
11%
144 Esfera
11%
138 Fragile
11%
107 Loops of Fury
11%
96 Operation Evolution
11%
100 ORDINARY
11%
101 PSYCHOPATH
11%
1 Scattered Faith
11%
88 Sevvend Clubstep
11%
106 Sinister Silence
11%
117 THE JET ENGINE
11%
99 The Plunge
11%
6 Adramelech
8%
119 Cimmerian Shade
8%
105 Climax
8%
98 Collapse
8%
150 Guideless Goobering
8%
108 Midnight
8%
29 Peach Vomit
8%
8 Redemption
8%
22 Silent Oppenheimer
8%
141 Starlight Summit
8%
122 Terminal Rampancy
8%
132 The Paroxysm of Rage
8%
121 Viprin UFO
8%
148 Widestep
8%
143 WOBBLING MACHINE
8%
5 WRATH
8%
53 Anemesis
6%
135 Blood Echo
6%
78 Cersia Beginner
6%
91 Gaggatronda
6%
28 Kintetsu
6%
72 Kyuoki
6%
32 Labyrinth
6%
58 LESOPOWAL
6%
31 MIGRAINE
6%
11 Nibelheim
6%
49 NIGHTFALL
6%
30 OUROBOROS
6%
37 AICHMIRA
3%
7 Aquila Rift
3%
38 ASTEC
3%
55 Avaddon
3%
25 Bad Tr1p
3%
24 BLUESCREEN
3%
65 Cryostasis
3%
15 DEATHWISH
3%
50 ECHO
3%
39 Escalator
3%
20 EXTERMINATUS
3%
40 Flashbang
3%
26 Her Funeral
3%
44 RAINY
3%
33 RECKLESS
3%
36 Silent Helheim
3%
34 Snow Blind
3%
45 Snowdrive
3%
46 Starfall
3%
133 Starlight Stroll
3%
54 Warcora
3%
47 Why
3%
79 HEADACHE
0%
48 kinesophobia
0%
No matching quizzes found
Score Distribution
Percent of People with Each Score
Percentile by Number Answered
Your Score History
You have not taken this quiz